[Event "Olimpiade 2022 - Open"]
[Site "Chennai"]
[Date "30.07.2022"]
[Round "2.78"]
[White "Kyaw, Myat Aung"]
[Black "Mutabazi Hugues"]
[Result "1/2-1/2"]
[WhiteElo "1839"]
[BlackElo "1666"]
[EventDate "31.07.2022"]
[Board "3"]
[WhiteFideId "13012541"]
[BlackFideId "20300387"]

1. e4 e5 2. Nf3 Nf6 3. Nc3 Nc6 4. Bc4 Bc5 5. d3 a6 6. Be3 Ba7 7. Bxa7 Rxa7
8. a4 d6 9. d4 Bg4 10. dxe5 Nxe5 11. Be2 Nxf3+ 12. gxf3 Be6 13. Qd2 Ra8 14.
Rd1 Bd7 15. Qe3 Qe7 16. Rg1 g6 17. f4 Bc6 18. Rd4 Rd8 19. b4 b5 20. axb5
axb5 21. Bxb5 Bxb5 22. Nxb5 Ra8 23. Kd2 O-O 24. e5 dxe5 25. fxe5 Nh5 26.
Nc3 Rfd8 27. Rg4 Qxb4 28. Qd3 Rxd4 29. Rxd4 Qe7 30. f4 Qh4 31. Ne2 Qxh2 32.
Rd8+ Rxd8 33. Qxd8+ Kg7 34. Qe7 Qg2 35. Ke3 Qh3+ 36. Kd2 Qf5 37. c3 Kh6 38.
Qf8+ Ng7 39. Ke3 Qh3+ 40. Ke4 Qf5+ 41. Kd4 Qd7+ 42. Ke3 Qe8 43. Qc5 Ne6 44.
Qd5 c5 45. Qb7 Kg7 46. Qg2 Qd8 47. f5 Qg5+ 48. Qxg5 Nxg5 49. Kf4 h6 50. Ng3
Kf8 51. Nf1 gxf5 52. Kxf5 Ke7 53. Ne3 Ne6 54. Nd5+ Kf8 55. Kf6 h5 56. Kf5
Kg7 57. Ne7 Kf8 58. Nd5 Kg7 59. Nf6 h4 60. Kg4 Kg6 61. Ng8 h3 62. Ne7+ Kh6
63. Kxh3 Kg5 64. Kg3 Nf4 65. Kf3 Ne6 66. Ke4 f6 67. Kd5 Nf4+ 68. Kd6 fxe5
69. Kxe5 Ne2 70. c4 Nd4 71. Nc8 Nc2 72. Nd6 1/2-1/2

[Event "Olimpiade 2022 - Open"]
[Site "Chennai"]
[Date "31.07.2022"]
[Round "3.7"]
[White "Hillarp Persson, Tiger"]
[Black "Bok, Benjamin"]
[Result "0-1"]
[WhiteElo "2516"]
[BlackElo "2616"]
[EventDate "31.07.2022"]
[Board "3"]
[WhiteFideId "1700812"]
[BlackFideId "1017063"]

1. c4 c5 2. Nf3 Nc6 3. Nc3 Nf6 4. g3 d5 5. cxd5 Nxd5 6. Bg2 g6 7. O-O Bg7
8. Nxd5 Qxd5 9. d3 O-O 10. a3 Qd6 11. Bf4 e5 12. Be3 Bd7 13. Nd2 b6 14. b4
cxb4 15. Nc4 Qe6 16. axb4 Rac8 17. b5 Nd4 18. Rxa7 Bxb5 19. Bxd4 exd4 20.
Rb7 Bxc4 21. dxc4 Rxc4 22. Qd3 Rc3 23. Qe4 Qd6 24. Qd5 Qxd5 25. Bxd5 d3 26.
exd3 Rxd3 27. Bc4 Rd4 28. Rc1 Rd2 29. Rxb6 Bd4 30. Rb3 Rxf2 31. Kh1 Kg7 32.
Rd1 Be5 33. Re3 Rc8 34. Re2 Rxe2 35. Bxe2 h5 36. Rd2 f5 37. Kg2 Rc3 38. Ra2
Kh6 39. Bf3 Rc4 40. h3 h4 41. g4 Kg5 42. gxf5 gxf5 43. Re2 Bd4 44. Rd2 Bb6
45. Rb2 Bc7 46. Bd5 Rc5 47. Be6 Kf6 48. Bd7 Rd5 49. Bc8 Rd8 50. Ba6 Rg8+
51. Kf1 Rg3 52. Rc2 Be5 53. Bc8 Bd4 54. Rc4 Ke5 55. Rc7 Ke4 56. Re7+ Kf3
57. Ke1 Rg1+ 58. Kd2 f4 59. Bg4+ Kf2 60. Re2+ Kg3 61. Re8 f3 62. Rf8 f2 63.
Be2 Kg2 64. Kd3 Be5 65. Bf3+ Kxh3 66. Be2 Bg3 0-1

[Event "Olimpiade 2022 - Open"]
[Site "Chennai"]
[Date "31.07.2022"]
[Round "3.8"]
[White "Korobov, Anton"]
[Black "Quesada Perez, Yasser"]
[Result "0-1"]
[WhiteElo "2692"]
[BlackElo "2568"]
[EventDate "31.07.2022"]
[Board "1"]
[WhiteFideId "14105730"]
[BlackFideId "3509362"]

1. c4 e5 2. d3 Bb4+ 3. Nd2 Nf6 4. Nf3 d6 5. a3 Bxd2+ 6. Bxd2 O-O 7. e3 Nc6
8. Qc2 a5 9. Be2 a4 10. Bc3 Re8 11. O-O Bf5 12. Rad1 h6 13. Rfe1 e4 14.
dxe4 Nxe4 15. c5 d5 16. Nd4 Bg6 17. Nxc6 bxc6 18. Qc1 Qh4 19. Rf1 Bh5 20.
Bxh5 Qxh5 21. Bb4 Re6 22. Rd4 Qe2 23. Qe1 Qxb2 24. Qb1 Qxb1 25. Rxb1 Ree8
26. h4 Reb8 27. Rc1 Nf6 28. f3 Nh7 29. Kf2 Nf8 30. g4 Ne6 31. Rd3 Rf8 32.
e4 dxe4 33. fxe4 Rfd8 34. Rcd1 Rxd3 35. Rxd3 Kf8 36. Ke3 Ke7 37. h5 Rg8 38.
Be1 Rb8 39. Bb4 f6 40. Rd1 Ng5 41. Ba5 Rb7 42. Bb4 Nf7 43. Kf4 Ke6 44. Rd2
Rb8 45. Rd1 Ne5 46. Rd2 g6 47. hxg6 Nxg6+ 48. Kg3 Ne5 49. Kh3 Rg8 50. Rd4
Rxg4 51. Ba5 Nf3 52. Rxa4 h5 53. Bxc7 Ng5+ 54. Kh2 Rxe4 55. Rxe4+ Nxe4 56.
Kh3 Nxc5 57. Kh4 Kf5 58. Kxh5 Na4 59. Kh4 Ke4 60. Kg3 c5 61. Kf2 f5 62. Ke2
f4 63. Ba5 f3+ 64. Kd2 c4 65. Bd8 c3+ 66. Ke1 c2 67. Bg5 Nb2 0-1

[Event "Olimpiade 2022 - Open"]
[Site "Chennai"]
[Date "31.07.2022"]
[Round "3.10"]
[White "Adams, Michael"]
[Black "Laurusas, Tomas"]
[Result "1/2-1/2"]
[WhiteElo "2696"]
[BlackElo "2561"]
[EventDate "31.07.2022"]
[Board "1"]
[WhiteFideId "400041"]
[BlackFideId "12803731"]

1. e4 e5 2. Nf3 Nf6 3. Nxe5 d6 4. Nf3 Nxe4 5. d4 d5 6. Bd3 Nc6 7. O-O Be7
8. Nbd2 Nxd2 9. Bxd2 Bg4 10. c3 O-O 11. Bf4 Bd6 12. Bg3 Qf6 13. Re1 Rae8
14. Rxe8 Rxe8 15. Bxd6 Bxf3 16. Qxf3 Qxd6 17. h4 Nb8 18. g3 c6 19. c4 Nd7
20. cxd5 cxd5 21. Rc1 Nf6 22. Bb5 Rf8 23. Qa3 Qb6 24. Qc5 Qa5 25. a4 Qd2
26. Qc3 Qh6 27. Bd3 Qh5 28. Kg2 Qg4 29. a5 g6 30. Re1 Rc8 31. Qb3 Nh5 32.
Bf1 Qxd4 33. Qxb7 Rc2 34. Qb8+ Kg7 35. Qe5+ Qxe5 36. Rxe5 Rxb2 37. Rxd5 Nf6
38. Rb5 Rc2 39. Kf3 Rc3+ 40. Kg2 Rc2 41. Kf3 Rc3+ 42. Kg2 1/2-1/2

[Event "Olimpiade 2022 - Open"]
[Site "Chennai"]
[Date "31.07.2022"]
[Round "3.12"]
[White "Adly, Ahmed"]
[Black "Melkumyan, Hrant"]
[Result "1/2-1/2"]
[WhiteElo "2582"]
[BlackElo "2634"]
[EventDate "31.07.2022"]
[Board "2"]
[WhiteFideId "10601619"]
[BlackFideId "13302485"]

1. d4 d5 2. Nf3 Nf6 3. c4 e6 4. Nc3 c5 5. cxd5 cxd4 6. Qxd4 exd5 7. e4 dxe4
8. Qxd8+ Kxd8 9. Ng5 Be6 10. Nxe6+ fxe6 11. Bg5 Ke8 12. Bb5+ Kf7 13. Ke2
Be7 14. Rhd1 Rc8 15. Rac1 Nc6 16. h3 a6 17. Ba4 b5 18. Bc2 h6 19. Be3 Nb4
20. Bb1 Nbd5 21. Nxe4 Nxe3 22. Kxe3 Nxe4 23. Bxe4 Rab8 24. Rxc8 Rxc8 25.
Rd7 Kf6 26. Ke2 Rc4 27. Bd3 Ra4 28. Bb1 Rc4 29. Ra7 Rc6 30. Be4 Rd6 31. Ra8
Bd8 32. Bb7 a5 33. Ba6 b4 34. Bc4 Bb6 35. Rf8+ 1/2-1/2

[Event "Olimpiade 2022 - Open"]
[Site "Chennai"]
[Date "31.07.2022"]
[Round "3.12"]
[White "Hesham, Abdelrahman"]
[Black "Hovhannisyan, Robert"]
[Result "0-1"]
[WhiteElo "2386"]
[BlackElo "2591"]
[EventDate "31.07.2022"]
[Board "4"]
[WhiteFideId "10600183"]
[BlackFideId "13302507"]

1. d4 d5 2. c4 c6 3. Nf3 Nf6 4. e3 Bf5 5. Nc3 e6 6. Nh4 Bg6 7. Qb3 Qc7 8.
Nxg6 hxg6 9. Bd2 Nbd7 10. cxd5 exd5 11. h3 Be7 12. Bd3 O-O 13. O-O Nb6 14.
Rfc1 Qd7 15. Be1 Rfe8 16. f3 Bd6 17. Bf2 Bc7 18. e4 dxe4 19. fxe4 Bg3 20.
Bxg3 Qxd4+ 21. Bf2 Qxd3 22. Bxb6 axb6 23. Qxb6 Qg3 24. Rf1 Re7 25. Rad1 Qe5
26. Rd8+ Rxd8 27. Qxd8+ Kh7 28. Qd3 Kg8 29. Qd8+ Kh7 30. Qd3 Rd7 31. Qe3
Kg8 32. Rf2 Re7 33. Re2 Nd5 34. Qf3 Qd4+ 35. Kh1 Nxc3 36. bxc3 Qd1+ 37. Kh2
Qd6+ 38. Qg3 Qe5 39. Rd2 Qxe4 40. Rd4 Qe6 41. Rd8+ Re8 42. Qb8 Kf8 43. c4
Rxd8 44. Qxd8+ Qe8 45. Qc7 b5 46. cxb5 cxb5 47. Kg3 Kg8 48. Kf2 f6 49. a4
bxa4 50. Qc4+ Kf8 51. Qb4+ Kf7 52. Qc4+ Ke7 53. Qe4+ Kf7 54. Qc4+ Qe6 55.
Qxa4 g5 56. Qd4 Kg6 57. Qd8 Qe4 58. Kg1 Qe3+ 59. Kh1 Qe1+ 60. Kh2 Qe6 61.
Kh1 Qf7 62. Qd6 Qe8 63. Qd3+ Kh6 64. Kh2 Qe7 65. Kh1 Qc7 66. Qd5 Qc1+ 67.
Kh2 Qf4+ 68. Kh1 Qh4 69. Qd8 Qe4 70. Qd7 Kh7 71. Kh2 Qh4 72. Kg1 Kh6 73.
Kh2 Qe1 74. Qc8 Qe7 75. Kh1 Kg6 76. Kh2 Kf7 77. Qc4+ Qe6 78. Qc7+ Kg6 79.
Qd8 g4 80. hxg4 Qxg4 81. Qe8+ Kg5 82. Qd8 Qf4+ 83. Kg1 Qe3+ 84. Kh2 Qf4+
85. Kg1 Kh4 86. Qd7 Qg4 87. Qd3 Kg5 88. Qd5+ Qf5 89. Qf7 Qc5+ 90. Kh1 Qc1+
91. Kh2 Qf4+ 92. Kh1 Qh4+ 93. Kg1 Qd4+ 94. Kf1 Qd1+ 95. Kf2 Qd4+ 96. Kf1 g6
97. Qb7 Qe3 98. Qc6 Kf5 99. Qc2+ Qe4 100. Qc8+ Kf4 101. Kg1 Qd4+ 102. Kh2
Qe5 103. Kg1 g5 104. Qc4+ Ke3 105. Qb3+ Kd2 106. Qa2+ Kc1 107. Qa3+ Kc2
108. Qa2+ Qb2 109. Qc4+ Qc3 110. Qe2+ Kc1 111. Qf1+ Kd2 112. Qf2+ Kd1 113.
Kh2 Qe5+ 114. Kh3 Qe4 115. Qf1+ Kd2 116. Qf2+ Qe2 117. Qf5 Qh5+ 118. Kg3
Qh4+ 119. Kf3 Qd4 120. Qa5+ Kd1 121. Qf5 Ke1 122. Qa5+ Qd2 123. Qa1+ 0-1

[Event "Olimpiade 2022 - Open"]
[Site "Chennai"]
[Date "31.07.2022"]
[Round "3.14"]
[White "Abdusattorov, Nodirbek"]
[Black "Sebenik, Matej"]
[Result "1-0"]
[WhiteElo "2688"]
[BlackElo "2512"]
[EventDate "31.07.2022"]
[Board "1"]
[WhiteFideId "14204118"]
[BlackFideId "14602296"]

1. e4 c6 2. d4 d5 3. e5 Bf5 4. Nd2 e6 5. Nb3 Nd7 6. Nf3 a6 7. Be2 h6 8. O-O
c5 9. Re1 Rc8 10. c3 Bh7 11. dxc5 Bxc5 12. Nfd4 Ne7 13. Nxc5 Nxc5 14. a4
O-O 15. Be3 Nf5 16. Nxf5 Bxf5 17. Bd4 Nd7 18. Rc1 Rc6 19. Bf1 Nb6 20. b3
Qe7 21. a5 Nd7 22. b4 Rfc8 23. Qd2 Qg5 24. Qb2 Be4 25. c4 Qg6 26. c5 Bd3
27. Rc3 Bxf1 28. Rxf1 R6c7 29. f4 Nb8 30. f5 exf5 31. e6 fxe6 32. Rg3 Qh7
33. Qe2 Re8 34. Be5 Rf7 35. Bxb8 Rxb8 36. Qxe6 Rf8 37. Rg6 Kh8 38. Rf4 Rf6
39. Rxf6 Rxf6 40. Qxd5 g6 41. Qd8+ Kg7 42. Rd4 1-0

[Event "Olimpiade 2022 - Open"]
[Site "Chennai"]
[Date "31.07.2022"]
[Round "3.18"]
[White "Banusz, Tamas"]
[Black "Amartuvshin, Ganzorig"]
[Result "1-0"]
[WhiteElo "2611"]
[BlackElo "2409"]
[EventDate "31.07.2022"]
[Board "2"]
[WhiteFideId "722413"]
[BlackFideId "4902548"]

1. Nf3 Nf6 2. c4 e6 3. g3 d5 4. d4 Bb4+ 5. Bd2 Be7 6. Bg2 O-O 7. O-O c6 8.
Qc2 Nbd7 9. Bf4 Nh5 10. Bc1 f5 11. b3 g5 12. Ba3 Bxa3 13. Nxa3 g4 14. Ne1
f4 15. Qd2 Ndf6 16. Nd3 fxg3 17. fxg3 dxc4 18. Ne5 cxb3 19. axb3 Ng7 20.
Nac4 Qc7 21. Rf2 Re8 22. Raf1 Ngh5 23. e4 Nd7 24. Rf8+ Nxf8 25. d5 cxd5 26.
exd5 exd5 27. Bxd5+ Ne6 28. Nxg4 1-0

[Event "Olimpiade 2022 - Open"]
[Site "Chennai"]
[Date "31.07.2022"]
[Round "3.19"]
[White "Deac, Bogdan-Daniel"]
[Black "Megaranto, Susanto"]
[Result "1-0"]
[WhiteElo "2692"]
[BlackElo "2529"]
[EventDate "31.07.2022"]
[Board "1"]
[WhiteFideId "1226380"]
[BlackFideId "7101384"]

1. d4 Nf6 2. c4 e6 3. Nc3 Bb4 4. e3 O-O 5. Bd3 d6 6. Ne2 e5 7. a3 Bxc3+ 8.
Nxc3 exd4 9. exd4 Bg4 10. Qb3 Nc6 11. Be3 Rb8 12. Qc2 Bh5 13. O-O Bg6 14.
Bxg6 hxg6 15. d5 Ne5 16. Bxa7 Rc8 17. b3 b6 18. f4 Ned7 19. a4 Ra8 20. Nb5
Re8 21. a5 bxa5 22. Bd4 Nc5 23. b4 Nb7 24. f5 g5 25. Qc1 Ng4 26. f6 gxf6
27. Bxf6 Nxf6 28. Qxg5+ Kf8 29. Rxf6 Re5 30. Qh6+ Ke8 31. Raf1 1-0

[Event "Olimpiade 2022 - Open"]
[Site "Chennai"]
[Date "31.07.2022"]
[Round "3.19"]
[White "Ervan, Mohamad"]
[Black "Gavrilescu, David"]
[Result "1-0"]
[WhiteElo "2402"]
[BlackElo "2525"]
[EventDate "31.07.2022"]
[Board "4"]
[WhiteFideId "7102135"]
[BlackFideId "1227190"]

1. e4 e6 2. d4 d5 3. Nd2 c5 4. exd5 Qxd5 5. Ngf3 cxd4 6. Bc4 Qd7 7. O-O Nc6
8. Nb3 a6 9. Re1 Bb4 10. Bd2 Bd6 11. c3 d3 12. a4 Nge7 13. Be3 O-O 14. Qxd3
Ng6 15. Red1 Nge5 16. Nxe5 Nxe5 17. Bxe6 Qxe6 18. Qxd6 Qxb3 19. Qxe5 Be6
20. Qg3 f6 21. Rd2 Rad8 22. Bh6 1-0

[Event "Olimpiade 2022 - Open"]
[Site "Chennai"]
[Date "31.07.2022"]
[Round "3.20"]
[White "Petkov, Momchil"]
[Black "Yilmaz, Mustafa"]
[Result "0-1"]
[BlackTitle "GM"]
[WhiteElo "2510"]
[BlackElo "2633"]
[EventDate "31.07.2022"]
[Board "1"]
[WhiteFideId "2921642"]
[BlackFideId "6302718"]

1. e4 c5 2. Nf3 d6 3. Bb5+ Nd7 4. Ba4 Nf6 5. O-O e6 6. d3 Be7 7. c4 O-O 8.
Nc3 a6 9. Qe2 Ng4 10. Nd2 Ngf6 11. f4 b5 12. Bc2 Qb6 13. b3 Nb8 14. Nf3 Nc6
15. Kh1 Bb7 16. Bd2 Nd4 17. Nxd4 cxd4 18. Nd1 a5 19. Nf2 Rfc8 20. a4 bxc4
21. bxc4 Bc6 22. Rfb1 Qc7 23. Rb2 Nd7 24. Qh5 Nc5 25. f5 exf5 26. Qxf5 Rcb8
27. Rab1 Rxb2 28. Rxb2 Nxa4 29. Bxa4 Bxa4 30. Ra2 Bd7 31. Qd5 Rb8 32. g3 a4
33. Qxd4 Bf6 34. Qd5 Bc6 35. Qf5 Qb6 36. Rc2 a3 37. Ng4 Bd4 0-1

[Event "Olimpiade 2022 - Open"]
[Site "Chennai"]
[Date "31.07.2022"]
[Round "3.20"]
[White "Ali Marandi, Cemil Can"]
[Black "Georgiev, Todor"]
[Result "1-0"]
[WhiteElo "2561"]
[BlackElo "2272"]
[EventDate "31.07.2022"]
[Board "4"]
[WhiteFideId "6300529"]
[BlackFideId "2916088"]

1. e4 c5 2. Nf3 d6 3. Bb5+ Nd7 4. d4 cxd4 5. Nxd4 Nf6 6. O-O a6 7. Bd3 g6
8. Re1 Bg7 9. c4 O-O 10. Nc3 Nc5 11. Bf1 Ng4 12. h3 Ne5 13. Be3 Nc6 14. Qd2
Bd7 15. Rad1 Nxd4 16. Bxd4 Bxd4 17. Qxd4 Bc6 18. Qe3 Na4 19. Nxa4 Bxa4 20.
b3 Bc6 21. e5 Qa5 22. exd6 exd6 23. Qd2 Qa3 24. h4 Rfe8 25. h5 Re5 26. h6
Rh5 27. Be2 Rh4 28. Qg5 1-0

[Event "Olimpiade 2022 - Open"]
[Site "Chennai"]
[Date "31.07.2022"]
[Round "3.22"]
[White "Ivanisevic, Ivan"]
[Black "Galvez Dastin, Eduardo"]
[Result "1/2-1/2"]
[WhiteElo "2561"]
[BlackElo "2152"]
[EventDate "31.07.2022"]
[Board "4"]
[WhiteFideId "912417"]
[BlackFideId "7300310"]

1. d4 d5 2. c4 c6 3. Nf3 dxc4 4. e3 Be6 5. Nc3 Nf6 6. Ng5 Bd5 7. e4 h6 8.
exd5 hxg5 9. dxc6 Nxc6 10. d5 Na5 11. b4 cxb3 12. Bb5+ Nd7 13. axb3 Qc7 14.
Bd2 b6 15. b4 Nc4 16. d6 Nxd6 17. Qf3 Rd8 18. Nd5 Qb8 19. Bc6 Nc4 20. Bc3
e6 21. Qe2 b5 22. Bxb5 Nb6 23. Nxb6 axb6 24. g3 Be7 25. Bxg7 Bxb4+ 26. Kf1
Qb7 27. Kg1 Rg8 28. Bd4 Bc5 29. Bf6 Be7 30. Bd4 Kf8 31. Rd1 Nf6 32. h4 gxh4
33. Rxh4 Qd5 34. Ba4 Qg5 35. Kf1 Nd5 36. Qf3 Qg6 37. Rh3 Qg4 38. Qxg4 Rxg4
39. Rh8+ Rg8 40. Rxg8+ Kxg8 41. Ke2 Rc8 42. Bb3 Nc3+ 43. Bxc3 Rxc3 44. Rd3
1/2-1/2

[Event "Olimpiade 2022 - Open"]
[Site "Chennai"]
[Date "31.07.2022"]
[Round "3.27"]
[White "Khoder, Akram"]
[Black "Nogerbek, Kazybek"]
[Result "0-1"]
[WhiteElo "2038"]
[BlackElo "2437"]
[EventDate "31.07.2022"]
[Board "4"]
[WhiteFideId "5306914"]
[BlackFideId "13710427"]

1. d4 Nf6 2. c4 e6 3. g3 d5 4. Bg2 Bb4+ 5. Nd2 O-O 6. Nf3 b6 7. O-O Bb7 8.
cxd5 exd5 9. a3 Bd6 10. b4 Nbd7 11. Qb3 Qe7 12. Bb2 Ne4 13. e3 b5 14. Qc2
a5 15. Nb3 axb4 16. axb4 Rxa1 17. Rxa1 Ndf6 18. Nc5 Bc8 19. Ra7 Bxc5 20.
dxc5 Ng4 21. Bd4 Ngxf2 22. Nd2 Nh3+ 23. Kf1 Bf5 24. Nxe4 Bxe4 25. Bxe4 dxe4
26. Qe2 Ng5 27. Qxb5 Qe6 28. Qe2 c6 29. Ra6 Nf3 30. Kg2 Qd7 31. Qb2 Ne1+
32. Kf1 Nd3 33. Qd2 h5 34. b5 cxb5 35. Qe2 Qf5+ 36. Kg2 Nxc5 37. Rb6 Nd3
38. Qf1 Qxf1+ 39. Kxf1 b4 40. Ke2 Ra8 41. h3 Ra2+ 42. Kd1 Rg2 43. Rb5 Rxg3
44. Rxh5 b3 0-1

[Event "Olimpiade 2022 - Open"]
[Site "Chennai"]
[Date "31.07.2022"]
[Round "3.28"]
[White "Zacarias, M Ruben D"]
[Black "Bullen, Alex"]
[Result "1-0"]
[WhiteElo "2175"]
[BlackElo "2106"]
[EventDate "31.07.2022"]
[Board "3"]
[WhiteFideId "3700755"]
[BlackFideId "1801627"]

1. e4 c6 2. d4 d5 3. e5 Bf5 4. h4 h5 5. Bd3 Bxd3 6. Qxd3 Qa5+ 7. Nd2 e6 8.
Nf3 Nh6 9. O-O Nf5 10. c4 Be7 11. g3 Nd7 12. b3 O-O 13. Bb2 Rfd8 14. a3
dxc4 15. Nxc4 Qa6 16. Qc2 Nb6 17. Ne3 Nh6 18. Ng5 Bxg5 19. hxg5 Ng4 20. Ng2
Nd5 21. Rae1 c5 22. dxc5 Ne7 23. f3 Rd3 24. fxg4 Rxg3 25. Qf2 Qd3 26. Re3
Rxe3 27. Qxe3 Qc2 28. Qf2 Qg6 29. Nh4 Qd3 30. Qxf7+ Kh8 31. Qxh5+ Kg8 32.
Qf7+ Kh8 33. Qxe7 Qe3+ 34. Rf2 Qe1+ 35. Kg2 Qe4+ 36. Kg3 Qe3+ 37. Nf3 1-0

[Event "Olimpiade 2022 - Open"]
[Site "Chennai"]
[Date "31.07.2022"]
[Round "3.30"]
[White "Diaz Hollemaert, Nahuel"]
[Black "Djabri, Massinas"]
[Result "1-0"]
[WhiteElo "2425"]
[BlackElo "2206"]
[EventDate "31.07.2022"]
[Board "3"]
[WhiteFideId "104019"]
[BlackFideId "7905726"]

1. c4 e5 2. Nc3 Nc6 3. e3 Nf6 4. Nf3 d6 5. a3 a5 6. Be2 Be7 7. O-O O-O 8.
d4 Bg4 9. d5 Nb8 10. e4 Nfd7 11. Rb1 Bxf3 12. Bxf3 Nb6 13. Be2 a4 14. g3
Bg5 15. f4 Bf6 16. Be3 N8d7 17. Qc2 Re8 18. f5 Bg5 19. Bf2 Nc5 20. h4 Bh6
21. Kg2 Nbd7 22. Rbd1 Qb8 23. Nb5 Nb3 24. Bg1 f6 25. Rf3 Ndc5 26. Bh2 Rd8
27. Bg1 Rd7 28. g4 Rd8 29. Bf1 c6 30. Nc3 Qa7 31. Kh1 Nd4 32. Rxd4 exd4 33.
Bxd4 Re8 34. Qg2 Bc1 35. g5 fxg5 36. hxg5 Qb8 37. f6 Rf8 38. g6 h6 39. Ne2
Bd2 40. Ng3 Nb3 41. f7+ 1-0

[Event "Olimpiade 2022 - Open"]
[Site "Chennai"]
[Date "31.07.2022"]
[Round "3.32"]
[White "Cardoso Cardoso, Jose Gabriel"]
[Black "Tagelsir, Abubaker"]
[Result "1-0"]
[WhiteElo "2493"]
[BlackElo "2232"]
[EventDate "31.07.2022"]
[Board "1"]
[WhiteFideId "4430492"]
[BlackFideId "12200875"]

1. e4 c5 2. Nf3 e6 3. d4 cxd4 4. Nxd4 Nc6 5. Nc3 Qc7 6. Be3 a6 7. Qf3 Ne5
8. Qg3 b5 9. O-O-O Bb7 10. Bxb5 axb5 11. Ndxb5 Qb8 12. Bb6 f6 13. Bc7 Qc8
14. Bxe5 fxe5 15. Nd6+ Bxd6 16. Qxg7 Qc5 17. Rd3 O-O-O 18. Qxh8 Be7 19. Qg7
Qxf2 20. Qxe5 Qxg2 21. Rhd1 Qg5+ 22. Qxg5 Bxg5+ 23. Kb1 Bc6 24. b4 Nf6 25.
Rd4 Be3 26. Rc4 Ng4 27. Nb5 Bb6 28. Nd4 Ne3 29. Nxc6 Nxc4 30. Nxd8 Bxd8 31.
a4 Bg5 32. Ka2 Ne3 33. Rd3 Bf4 34. Kb3 Ng4 35. h3 Nf6 36. Rd4 Be5 37. Rc4+
Kb7 38. a5 h5 39. b5 h4 40. Ra4 Ka7 41. a6 Ne8 42. b6+ Kxb6 43. a7 Nc7 44.
a8=Q Nxa8 45. Rxa8 Kc5 46. Ra4 Bg3 47. Kc3 Kd6 48. Kd3 Ke5 49. Ke3 Bf4+ 50.
Kf3 Bg3 51. Ra1 d6 52. Ra4 Bh2 53. c3 Bg3 54. Ra5+ Kf6 55. c4 Be1 56. Rh5
Kg6 57. Kg4 Kf6 58. Rxh4 Bxh4 59. Kxh4 Ke5 60. Kg5 Kxe4 61. h4 d5 62. c5 d4
63. c6 d3 64. c7 1-0

[Event "Olimpiade 2022 - Open"]
[Site "Chennai"]
[Date "31.07.2022"]
[Round "3.34"]
[White "Abdulrahman Mohammad, Al Taher"]
[Black "Santos, Jose Guilherme B Lima"]
[Result "0-1"]
[WhiteElo "2029"]
[BlackElo "2361"]
[EventDate "31.07.2022"]
[Board "4"]
[WhiteFideId "9310258"]
[BlackFideId "1939300"]

1. d4 Nf6 2. c4 e6 3. Nc3 Bb4 4. e3 O-O 5. Bd3 c5 6. Ne2 cxd4 7. exd4 d5 8.
cxd5 exd5 9. O-O h6 10. h3 Nc6 11. Be3 Bd6 12. Bc2 Be6 13. Nf4 Bxf4 14.
Bxf4 Qb6 15. Bd6 Rfd8 16. Bc5 Qa5 17. Rb1 Rac8 18. Qd3 Nb4 19. Bxb4 Qxb4
20. a3 Qd6 21. Rbc1 a6 22. Na4 g6 23. Qe3 Kg7 24. Nc5 Rc7 25. Nxe6+ Qxe6
26. Qxe6 fxe6 27. Bd3 Rdc8 28. Rxc7+ Rxc7 29. f3 Nh5 30. Kf2 Nf4 31. Bb1
Rc4 32. Rd1 g5 33. Rd2 Kf6 34. Ba2 Rc1 35. Bb3 Rb1 36. Ke3 Rg1 37. g4 Re1+
38. Kf2 Rh1 39. Rc2 Rxh3 40. Rc7 Rh2+ 41. Kf1 b5 42. Rc2 Rh1+ 43. Kf2 Rd1
44. Rc6 Rxd4 45. Rxa6 Rd2+ 46. Ke1 Rxb2 47. Bd1 Ng2+ 0-1

[Event "Olimpiade 2022 - Open"]
[Site "Chennai"]
[Date "31.07.2022"]
[Round "3.36"]
[White "Keinanen, Toivo"]
[Black "Alfaro, William"]
[Result "1-0"]
[WhiteElo "2477"]
[BlackElo "2155"]
[EventDate "31.07.2022"]
[Board "1"]
[WhiteFideId "509825"]
[BlackFideId "6100457"]

1. d4 Nf6 2. Nf3 c5 3. d5 b5 4. c3 Bb7 5. e4 a6 6. Bd3 e6 7. Bg5 h6 8. Bxf6
gxf6 9. c4 Bg7 10. O-O O-O 11. Nc3 b4 12. Ne2 f5 13. Nf4 d6 14. exf5 exd5
15. cxd5 Nd7 16. Qd2 Ne5 17. Be4 Nxf3+ 18. gxf3 Kh8 19. Kh1 Rg8 20. Rg1 Qf6
21. Nh5 Qh4 22. f6 Qxh5 23. Qf4 Rae8 24. fxg7+ Rxg7 25. Qf6 Rg8 26. Rxg7
1-0

[Event "Olimpiade 2022 - Open"]
[Site "Chennai"]
[Date "31.07.2022"]
[Round "3.44"]
[White "Ungurs, Edgars"]
[Black "Chahin Godoy, Angel Eduardo"]
[Result "1-0"]
[WhiteElo "2206"]
[BlackElo "1844"]
[EventDate "31.07.2022"]
[Board "4"]
[WhiteFideId "11601205"]
[BlackFideId "8404925"]

1. e4 e6 2. d4 d5 3. Nd2 c5 4. exd5 exd5 5. Ngf3 Nc6 6. Bb5 Bd6 7. dxc5
Bxc5 8. O-O Ne7 9. Nb3 Bd6 10. Bg5 O-O 11. Bh4 Qc7 12. Bg3 Rd8 13. c3 Bg4
14. Be2 Bxg3 15. hxg3 Nf5 16. Bd3 Qb6 17. Bxf5 Bxf5 18. Nfd4 Bg6 19. Re1
Re8 20. Rxe8+ Rxe8 21. Nf3 Be4 22. Qe2 Re7 23. Qd2 h6 24. Nbd4 Qa6 25. Nxc6
bxc6 26. Nd4 c5 27. Nb3 c4 28. Nc5 Qb6 29. b4 a5 30. a3 Ra7 31. Re1 axb4
32. axb4 Qg6 33. Qf4 Ra3 34. f3 Bd3 35. Nd7 Ra8 36. g4 Qg5 37. Qxg5 hxg5
38. b5 d4 39. b6 1-0

[Event "Olimpiade 2022 - Open"]
[Site "Chennai"]
[Date "31.07.2022"]
[Round "3.47"]
[White "Greet, Andrew N"]
[Black "Mwale, Joseph"]
[Result "1-0"]
[WhiteElo "2392"]
[BlackElo "2131"]
[EventDate "31.07.2022"]
[Board "1"]
[WhiteFideId "405817"]
[BlackFideId "16400135"]

1. d4 Nf6 2. c4 e6 3. Nc3 Bb4 4. e3 d5 5. a3 Bxc3+ 6. bxc3 c5 7. cxd5 exd5
8. Bd3 O-O 9. Ne2 Nc6 10. O-O Re8 11. f3 Rb8 12. Rb1 a6 13. a4 Bd7 14. Ng3
Qc7 15. Kh1 g6 16. e4 cxd4 17. cxd4 Be6 18. e5 Nd7 19. Ba3 Qa5 20. Bd6 Rbc8
21. f4 Nxd4 22. f5 Nxf5 23. Nxf5 gxf5 24. Rxf5 Nf8 25. Bb4 Qd8 26. Rh5 Ng6
27. Bd2 Qd7 28. h3 Rc6 29. Bg5 Bf5 30. Bf6 Bxd3 31. Qxd3 Qc7 32. Qd2 Nxe5
33. Qh6 Rxf6 34. Qxf6 Re6 35. Qg5+ Ng6 36. Qxd5 Rc6 37. Rf1 Rc1 38. Rf5
Rxf1+ 39. Rxf1 b6 40. Qa8+ Kg7 41. Qxa6 Nf4 42. Qb5 Ne6 43. Qb2+ Kg8 44.
Rc1 Qd7 45. Qc2 Qd5 46. Qc8+ Kg7 47. Qc3+ f6 48. Rf1 Qg5 49. Qc6 Qe3 50.
Rb1 Ng5 51. Qxb6 Qg3 52. Qd4 Kg6 53. Rf1 f5 54. Qf4 Qd3 55. Rc1 Qd5 56. Rb1
Ne6 57. Rb6 Kg7 58. Qd6 Qc4 59. Qe7+ 1-0